02355nam a2200277   4500001001000000003000400010005001700014008004100031035001300072040002400085041000800109050002000117100003800137245026100175246009100436260000900527538005800536650006200594650005800656655002600714700004800740700004600788700003800834710007700872856112800949000656966OSt20260530115317.0260507b2015    mx ||||| |||| 00| 0 spa d  aTD015989  aICIbspacICIerda   aspa  aHE327bM69 2015  aAquino, Thales Leonard dos Santos10aHacia una movilidad consciente en la Zona Metropolitana del Valle de MéxicocThales Leonard dos Santos Aquino ; directora: Mtra. Nora Morales Zaragoza ; lectores: Mtro. Tonatiuh Navarro Mastache, Mtra. Georgina Durán Quezada.h[recurso electrónico] :10aEstrategias innovadoras aplicadas a la experiencia Iberobúsh[recurso electrónico]  a2015  aModo de acceso: World Wide Web; Adobe Acrobat Reader. 4aMovilidad estudiantilvEstudio de casoszDistrito Federal 4aMovilidad laboralvEstudio de casoszDistrito Federal  aLibros electrónicos 1aMorales Zaragoza, Nora Angélicaedirector 1aNavarro Mastache, Manuel Tonatiuhelector 1aDurán Quezada, Georginaelector 2aUniversidad Iberoamericana Ciudad de México.bDepartamento de Diseño  u<a href="http://www.bib.uia.mx/tesis/pdf/015989/015989.pdf">http://www.bib.uia.mx/tesis/pdf/015989/015989.pdf</a> Tipo de formato electrónico	pdf Nota pública	Texto completo en pdf. 902 ## - ELEMENTOS DE DATOS B LOCAL, LDB (RLIN) a	Diseño Estratégico e Innovación. b	Maestría 920 ## - --	Diplomado en Inteligencia Territorial, --	Universidad Autónoma Metropolitana - Cuajimalpa 920 ## - --	Diseño Industrial, --	Centro Universitário da Cidade do Rio de Janeiro 920 ## - --	Diseño de Información, --	Pontifícia Universidad Católica de Chile 921 ## - --	Experiencia del Usuario 921 ## - --	Retórica de la Imagen 921 ## - --	Diseño de Posicionamiento 922 ## - --	Taller de diseño de presentaciones 905 ## - ELEMENTOS DE DATOS E LOCAL, LDE (RLIN) a	15 915 ## - --	2015 916 ## - --	ISABEL 917 ## - --	MX 942 ## - ELEMENTOS DE PUNTO DE ACCESO ADICIONAL (KOHA) Tipo de ítem Koha	Impresos Ibero Excluir	SI 980 ## - EQUIVALENCIA O REFERENCIA-CRUZADA-MENCIÓN DE SERIE--NOMBRE DE PERSONA/TÍTULO [LOCAL, CANADÁ] Enlace entre campo y número de secuencia	126340 Información miscelánea	ADMIN1